000 00441nam a22001577a 4500
003 OSt
005 20150915142328.0
008 150915b xxu||||| |||| 00| 0 eng d
040 _cRUA
082 _aAGR SAM 1999 BOO25 1999 Or1
100 _9518
_aSAMRETH, SOPHEA
245 _aDvelopment plant of rubber plantation rubber compeny(from year 2000-2010).
260 _aphnom phen
_bRUA
_c1999
300 _a111p.
_bill.
_c29cm.
942 _2ddc
_cAGR
999 _c498
_d498